000 00765nam a2200253 a 4500
008
020 _a0471354406 (hbk.)
049 _aMAIN
090 _aQC631
100 1 _aZhou, Shu-Ang
245 1 0 _aElectrodynamics of solids and microwave superconductivity /
_cShu-Ang Zhou.
260 _aNew York :
_bJ. Wiley,
_cc1999
300 _axx, 626 p. :
_bill. ;
_c25 cm.
440 0 _aWiley series in microwave and optical engineering.
504 _aIncludes bibliographical references.
500 _aIncludes index.
650 0 _aElectrodynamics.
650 0 _aSuperconductivity.
907 _a.b10139898
_b15-11-04
_c15-11-04
003
005 20230123133844.0
040 _cNUST
942 _cBOOKS
_kQC631
999 _c155802
_d155802